Исследование неразрушающего контроля соединений труб , полученных стыковой контактной сваркой, с остаточным внутренним гратом: Заключительный отчет о НИР; Тема : х/д 4-19/80

Dettagli Bibliografici
Ente Autore: Томский политехнический институт (ТПИ) (595)
Altri autori: Максак В. И. Владислав Иванович (руководитель), Советченко Б. Ф. (исполнитель)
Lingua:russo
Pubblicazione: Томск, 1980
Soggetti:
Natura: MixedMaterials Libro
KOHA link:https://koha.lib.tpu.ru/cgi-bin/koha/opac-detail.pl?biblionumber=160031

MARC

LEADER 00000nbm0a2200000 4500
001 160031
005 20231031155427.0
029 0 0 |a SU  |b 80052915  |f ТПУ 
035 |a (RuTPU)RU\TPU\book\173551 
090 |a 160031 
100 |a 20090518d1980 k y0rusy50 ca 
101 0 |a rus 
102 |a RU 
105 |a a p 001zy 
200 1 |a Исследование неразрушающего контроля соединений труб , полученных стыковой контактной сваркой, с остаточным внутренним гратом  |e Заключительный отчет о НИР  |e Тема : х/д 4-19/80  |f Томский политехнический институт (ТПИ) ; руководитель В. И. Максак ; Б. Ф. Советченко 
210 |a Томск  |d 1980 
215 |a 34 л. 
320 |a Библиогр.: с. 33-34. 
610 1 |a неразрушающий контроль 
610 1 |a диссипация 
610 1 |a энергия 
610 1 |a жесткость 
610 1 |a стыковая контактная сварка 
610 1 |a соединения труб 
610 1 |a внутренние граты 
610 1 |a отчеты о НИР 
675 |a 621.791.762(04)  |v 3 
702 1 |a Максак  |b В. И.  |c российский ученый  |c профессор кафедры сопротивления материалов ТПУ  |f 1936-  |g Владислав Иванович  |2 stltpush  |3 (RuTPU)RU\TPU\pers\19836  |4 673 
702 1 |a Советченко  |b Б. Ф.  |4 677 
712 0 2 |a Томский политехнический институт (ТПИ)  |c (1944-1991)  |2 stltpush  |3 (RuTPU)RU\TPU\col\1123  |4 595 
801 1 |a RU  |b 63413507  |c 20090518  |g PSBO 
942 |c BK